|
|
|
|
| LEADER |
00000cam a2200000 7i4500 |
| 001 |
0000028514 |
| 005 |
20241122.0 |
| 008 |
190523 cauo eng |
| 020 |
|
|
|a 9781569757383
|
| 040 |
|
|
|a INS
|b eng
|e rda
|
| 090 |
0 |
0 |
|a RA781.63
|b K55 2010
|
| 100 |
1 |
|
|a Knopf, Karl ,
|e author
|
| 245 |
1 |
0 |
|a Healthy shoulder handbook :
|b 100 exercises for treating and preventing frozen shoulder, rotator cuff and other common injuries
|c Karl Knopf ; photography by Austin Forbord
|
| 264 |
|
1 |
|a Berkeley, California :
|b Ulysses Press
|c 2010.
|
| 264 |
|
4 |
|c ©2010
|
| 300 |
|
|
|a 160 pages :
|b illustrations, black and white photographs ;
|c 24 cm.
|
| 336 |
|
|
|a text
|2 rdacontent
|
| 337 |
|
|
|a unmediated
|2 rdamedia
|
| 338 |
|
|
|a volume
|2 rdacarrier
|
| 504 |
|
|
|a Includes bibliographical references (page 154) and index
|
| 650 |
|
0 |
|a Arm exercises
|
| 650 |
|
0 |
|a Shoulder exercises
|
| 700 |
1 |
|
|a Forbord, Austin ,
|e photographer
|
| 999 |
|
|
|a 1000003776
|b BOOK
|c Open Shelf
|e Default branch
|